LEADER 03701oam 2200781I 450 001 9910449789503321 005 20210106213626.0 010 $a1-134-53770-0 010 $a1-134-53771-9 010 $a1-280-28161-8 010 $a9786610281619 010 $a0-203-40238-3 024 7 $a10.4324/9780203402382 035 $a(CKB)1000000000000724 035 $a(EBL)178854 035 $a(OCoLC)62076283 035 $a(SSID)ssj0000106354 035 $a(PQKBManifestationID)11988326 035 $a(PQKBTitleCode)TC0000106354 035 $a(PQKBWorkID)10108062 035 $a(PQKB)11160165 035 $a(SSID)ssj0000277031 035 $a(PQKBManifestationID)11228662 035 $a(PQKBTitleCode)TC0000277031 035 $a(PQKBWorkID)10226349 035 $a(PQKB)11558787 035 $a(MiAaPQ)EBC178854 035 $a(OCoLC)884031114 035 $a(EXLCZ)991000000000000724 100 $a20180331d2000 uy 0 101 0 $aeng 135 $aur|n|---||||| 181 $ctxt 182 $cc 183 $acr 200 00$aAsia Pacific Economic Cooperation (APEC) $echallenges and tasks for the twenty-first century /$fedited by Ippei Yamazawa 210 1$aLondon :$cRoutledge,$d2000. 215 $a1 online resource (331 p.) 225 1 $aPAFTAD (Pacific Trade and Development Conference Series) 300 $aDescription based upon print version of record. 311 $a0-415-24806-X 311 $a0-415-24805-1 327 $aBook Cover; Half-Title; Title; Copyright; Contents; Figures; Tables; Contributors; Preface; Abbreviations; 1 Introduction-APEC ideas and reality; 2 Macroeconomic interdependence in the APEC region; 3 Trade and investment liberalisation and facilitation; 4 APEC and the millennium round; 5 APEC's relationship with its sub-regional trading arrangements; 6 Liberalisation of manufacturing sectors; 7 Malaysia's telecommunications services; 8 Liberalisation of the rice sector in Japan, Korea and Taiwan; 9 Ecotech at the heart of APEC; 10 Competition and deregulation policy areas in APEC 327 $a11 Application of CGE modelling to analysis of environmental measures in APEC12 APEC as an international institution; 13 Summary and recommendations; Index 330 $aThis book provides the most up-to-date and comprehensive account of the APEC (Asia Pacific Economic Cooperation) organisation and examines the challenges APEC now faces in the new century. Subjects covered include:* the history of APEC* APEC and the latest WTO round* case-studies of countries in the region including China, Japan, Malaysia, Korea and Taiwan* APECs approach to competition and deregulation policy* assessment of APECs standing as an international institutionFeaturing contributions from distinguished groups of international academic experts, this book is ess 410 0$aPAFTAD (Pacific Trade and Development Conference Series) 606 $aAsian cooperation 606 $aAsian cooperation-- Congresses 606 $aPacific Area cooperation 606 $aEconomic History$2HILCC 606 $aBusiness & Economics$2HILCC 607 $aAsia$xEconomic integration 607 $aPacific Area$xEconomic integration 608 $aElectronic books. 615 4$aAsian cooperation. 615 4$aAsian cooperation-- Congresses. 615 4$aPacific Area cooperation. 615 7$aEconomic History 615 7$aBusiness & Economics 676 $a337.11823 676 $a337.159 701 $aYamazawa$b Ippei$0128769 801 0$bFlBoTFG 801 1$bFlBoTFG 906 $aBOOK 912 $a9910449789503321 996 $aAsia Pacific Economic Cooperation (APEC)$92042142 997 $aUNINA LEADER 01644nam 2200565 450 001 9910743221403321 005 20240219144458.0 010 $a981-16-1743-0 010 $a981-16-1742-2 010 $a981-16-1743-0 035 $a(CKB)5700000000006784 035 $a(MiAaPQ)EBC6874830 035 $a(Au-PeEL)EBL6874830 035 $a(PPN)26915454X 035 $a(EXLCZ)995700000000006784 100 $a20220209d2022 uy 0 101 0 $aeng 135 $aurcnu|||||||| 181 $ctxt$2rdacontent 182 $cc$2rdamedia 183 $acr$2rdacarrier 200 00$aAesthetic and regenerative gynecology /$fPreeti Jindal, Narendra Malhotra, Shashi Joshi, editors 210 1$aSingapore :$cSpringer,$d[2022] 210 4$d©2022 215 $a1 online resource (362 pages) 311 $a981-16-1742-2 606 $aGynecology 606 $aRegenerative medicine 606 $aGenerative organs, Female$xSurgery 606 $aGinecologia$2thub 606 $aCirurgia ginecològica$2thub 606 $aMedicina regenerativa$2thub 608 $aLlibres electrònics$2thub 615 0$aGynecology. 615 0$aRegenerative medicine. 615 0$aGenerative organs, Female$xSurgery. 615 7$aGinecologia 615 7$aCirurgia ginecològica 615 7$aMedicina regenerativa 676 $a618.1 702 $aJindal$b Preeti 702 $aMalhotra$b Narendra 702 $aJoshi$b Shashi 801 0$bMiAaPQ 801 1$bMiAaPQ 801 2$bMiAaPQ 906 $aBOOK 912 $a9910743221403321 996 $aAesthetic and regenerative gynecology$93560254 997 $aUNINA LEADER 01284nam 2200445 450 001 9910813723303321 005 20230124193232.0 010 $a1-4976-2078-3 035 $a(CKB)3710000000471626 035 $a(MiAaPQ)EBC4457735 035 $a(Au-PeEL)EBL4457735 035 $a(CaPaEBR)ebr11395305 035 $a(OCoLC)990733636 035 $a(EXLCZ)993710000000471626 100 $a20170705h20122012 uy 0 101 0 $aeng 135 $aurcnu|||||||| 181 $2rdacontent 182 $2rdamedia 183 $2rdacarrier 200 10$aAfter Tocqueville $ethe promise and failure of democracy /$fChilton Williamson 210 1$aWilmington, Delaware :$cIntercollegiate Studies Institute,$d2012. 210 4$d©2012 215 $a1 online resource (222 pages) 300 $aIncludes index. 606 $aDemocracy$xHistory 606 $aDemocracy$xPhilosophy 606 $aPolitical science$xHistory 615 0$aDemocracy$xHistory. 615 0$aDemocracy$xPhilosophy. 615 0$aPolitical science$xHistory. 676 $a321.8 700 $aWilliamson$b Chilton$0309413 801 0$bMiAaPQ 801 1$bMiAaPQ 801 2$bMiAaPQ 906 $aBOOK 912 $a9910813723303321 996 $aAfter Tocqueville$94123685 997 $aUNINA